Manifestación proteccionista celebrada el día 4 de Abril de 1881 en el teatro Principal de Barcelona por iniciativa del Instituto de Fomento del Trabajo Nacional. (Record no. 185537)

MARC details
000 -LEADER
campo de control de longitud fija 00645nam a2200157 i 4500
001 - NÚMERO DE CONTROL
campo de control 185537
003 - IDENTIFICADOR DE NÚMERO DE CONTROL
campo de control ES-MaACL
005 - FECHA Y HORA DE LA ÚLTIMA TRANSACCIÓN
campo de control 20230906222448.0
008 - DATOS DE LONGITUD FIJA--INFORMACIÓN GENERAL
campo de control de longitud fija 160630s1881 sp |||| | spa d
245 00 - MENCIÓN DEL TÍTULO
Título Manifestación proteccionista celebrada el día 4 de Abril de 1881 en el teatro Principal de Barcelona por iniciativa del Instituto de Fomento del Trabajo Nacional.
260 ## - PUBLICACIÓN, DISTRIBUCIÓN, ETC.
Lugar de publicación, distribución, etc. Barcelona :
Nombre del editor, distribuidor, etc. [s.n.],
Fecha de publicación, distribución, etc. 1881 (
Fabricante N. Ramírez y Compañia)
300 ## - DESCRIPCIÓN FÍSICA
Extensión 36 p. ;
Dimensiones 22 cm.
650 04 - PUNTO DE ACCESO ADICIONAL DE MATERIA--TÉRMINO DE MATERIA
Término de materia o nombre geográfico como elemento de entrada Proteccionismo-
Subdivisión geográfica España.
9 (RLIN) 16514
852 ## - LOCALIZACIÓN
Ubicación ES-MaACL
Número de control de estantería T-376-F-15
Nota libre .- Enc. en un vol. facticio falto de la cub. original
852 ## - LOCALIZACIÓN
Ubicación ES-MaACL
Número de control de estantería T-353-F-10
Holdings
Estatus retirado Estado de pérdida Estado de daño No para préstamo Colección Biblioteca de origen Biblioteca actual Ubicación en estantería Fecha de adquisición Fuente de adquisición Total de préstamos Signatura topográfica completa Código de barras Visto por última vez Precio de reemplazo Tipo de ítem Koha
        Colección de folletos Biblioteca del Ateneo de Madrid Biblioteca del Ateneo de Madrid Depósito folletos 30/06/2016     T-376-F-15 1195540 23/02/2023 23/02/2023 Folleto
        Colección de folletos Biblioteca del Ateneo de Madrid Biblioteca del Ateneo de Madrid Depósito folletos 02/06/2005     T-353-F-10 1202069 23/02/2023 23/02/2023 Folleto